| 000 | 00461nam a2200181Ia 4500 | ||
|---|---|---|---|
| 005 | 20250423095620.0 | ||
| 008 | 250422s9999 xx 000 0 und d | ||
| 020 | _a9780824747527 | ||
| 050 | _aTK 5102.9 .H56/ | ||
| 100 | _aHua, Yingbo | ||
| 245 | 0 | _aHigh-resolution and robust signal processing | |
| 260 | _aNew York | ||
| 260 | _bMarcel Dekker | ||
| 260 | _c2004 | ||
| 300 | _a448 p | ||
| 650 | _aSignal processing. Resolution (Optics) | ||
| 942 | _cBK | ||
| 999 |
_c30807 _d30807 |
||